1514 1667 1684 1254 1125 1430 1512 1436 1210 1594 1417 1355 1168 1451 1007 1262 1656 1395 1570 1391 1447 1147 1433 1518 1450 1441 1912 1007 1408 1901 1954 1937 1091 1949 1981 1356 1159 1387 1086 1236 1017 1404 1474 1007 1870 1297 1070 1431 1565 1823 1718 1974 1682 1471 1265 1304 1385 1210 1118 1741 1126 1811 1270 1358 1622 1381 1359 1218 1715 1809 1397 1262 1820 1641 1691 1927 1419 1013 1980 1525 1553 1942 1259 1954 1849 1954 1875 1027 1688 1633 1050 1194 1297 1158 1581 1879 1588 1046 1979 BCNSPRNW ULIB Ver.6.0+V

เปลี่ยนเป็นภาษาไทย

Change to English
 แสดงรายละเอียดบรรณานุกรม
  กลับหน้าหลัก

Brief Record : Get Marc (ISO 2709) : E-mail record : QR code < ปิดหน้าต่าง
LEADER : 00000nam 2200000uu 4500
001    13399111841
003     ULIB
008    110627s2549||||th 000 0 tha d
060  4 WA525^bย535ก 2549
100 0  เยาวรัตน์ ปรปักษ์ขาม
245 00 การสำรวจสภาวะสุขภาพอนามัยของประชาชรไทยโดยการตรวจร่างกายครั้งที่ 3 พ.ศ.2546-2547/^cเยาวรัตน์ ปรปักษ์ขาม, บรรณาธิการ
260    นครสวรรค์ :^bสถาบันวิจัยระบบสาธารณสุข,^c2549
300    267 หน้า
650  7 สภาวะสุขภาพอนามัย^xวิจัย
650  7 สุขภาพอนามัย^xวิจัย
945    ^p0^l0^i020668
945    ^p0^l0^i020669
945    ^p0^l0^i020670
995    ทศพร
999 ^a ใช้งานได้ทุกระบบ
รายการนี้ยังไม่มีแท็ก
คุณยังไม่ได้ล็อกอิน คุณสามารถมีกิจกรรมร่วมกับเว็บไซต์ได้ แต่ต้องล็อกอินก่อน ::
  ล็อกอิน

รายการสื่อสารสนเทศ

ลำดับที่ ประเภท เลขเรียก/บาร์โค้ด สถานที่ สถานะ
- ไม่พบข้อมูล -

รายการใกล้เคียง
    ผู้แต่ง [เยาวรัตน์ ปรปักษ์ขาม]

BibComment


ยังไม่เคยถูกคอมเมนท์

คอมเมนท์ทรัพยากรรายการนี้
  คอมเมนท์: การสำรวจสภาวะสุขภ..


 Copyright 2026. Bcnsprnw @Library